[Event "DVM U16 2019"]
[Site "Magdeburg GER"]
[Date "2019.12.30"]
[Round "7"]
[White "Klühs, Gustaf"]
[Black "Brockhoff, Moritz"]
[Result "0-1"]
[Termination "normal"]
[Board "8.1"]
[WhiteElo "1865"]
[BlackElo "2014"]
[WhiteTeam "SC Borussia Lichtenberg"]
[BlackTeam "SK Blauer Springer Paderborn 1926 e. V."]
[PlyCount "92"]
[WhiteFideId "16228936"]
[BlackFideId "16214927"]
[EventCountry "GER"]
[EventRounds "7"]
[EventType "team-swiss"]
[EventDate "2019.12.26"]

1. Nf3 d5 2. g3 c5 3. Bg2 Nc6 4. d3 e5 5. Nbd2 Be6 6. e4 d4 7. a4 a6 8. Nc4 Bd6
9. Nxd6+ Qxd6 10. Nd2 Qb8 11. O-O Nge7 12. f4 f6 13. f5 Bf7 14. Rf2 b5 15. axb5
axb5 16. Rxa8 Qxa8 17. Bf1 Qa1 18. Nb3 Bxb3 19. cxb3 Nb4 20. Qh5+ Kf8 21. Qd1
Nec6 22. g4 h6 23. Qe1 Ke7 24. h4 Na5 25. Qd1 Na2 26. b4 Qxc1 27. Qxc1 Nxc1 28.
bxa5 Nb3 29. Be2 Ra8 30. Bd1 Nc1 31. Rc2 Nxd3 32. Be2 c4 33. Bxd3 cxd3 34. Rd2
Rxa5 35. Rxd3 Kd6 36. Rd2 Ra1+ 37. Kg2 Re1 38. b4 Rxe4 39. Kf3 Re3+ 40. Kg2 d3
41. Kf1 Kd5 42. g5 Kc4 43. gxf6 gxf6 44. h5 Re2 45. Rd1 Rc2 46. Re1 d2 0-1

[Event "DVM U16 2019"]
[Site "Magdeburg GER"]
[Date "2019.12.30"]
[Round "7"]
[White "Stirnberg, Noah"]
[Black "Kraft, Adrian"]
[Result "1/2-1/2"]
[Termination "normal"]
[Board "8.2"]
[WhiteElo "1877"]
[BlackElo "1715"]
[WhiteTeam "SK Blauer Springer Paderborn 1926 e. V."]
[BlackTeam "SC Borussia Lichtenberg"]
[PlyCount "58"]
[WhiteFideId "16207742"]
[BlackFideId "16235010"]
[EventCountry "GER"]
[EventRounds "7"]
[EventType "team-swiss"]
[EventDate "2019.12.26"]

1. f4 g6 2. Nf3 Bg7 3. g3 c6 4. Bg2 Qb6 5. Nc3 d5 6. e3 Nh6 7. d4 Nd7 8. O-O
Nf5 9. g4 Nd6 10. Ne5 O-O 11. b3 f6 12. Nd3 e5 13. Ba3 Qc7 14. fxe5 fxe5 15.
Rxf8+ Nxf8 16. dxe5 Nf7 17. Qf3 Nxe5 18. Nxe5 Qxe5 19. Rf1 Be6 20. Ne2 Nd7 21.
Nf4 Nf6 22. Bb2 Qxb2 23. Nxe6 Qe5 24. g5 Qxe6 25. gxf6 Bf8 26. Qf4 Qf7 27. e4
Bc5+ 28. Kh1 dxe4 29. Bxe4 Rf8 1/2-1/2

[Event "DVM U16 2019"]
[Site "Magdeburg GER"]
[Date "2019.12.30"]
[Round "7"]
[White "Katzenbach, Linus"]
[Black "Möller, Maurin"]
[Result "1/2-1/2"]
[Termination "normal"]
[Board "8.3"]
[WhiteElo "1672"]
[BlackElo "1629"]
[WhiteTeam "SC Borussia Lichtenberg"]
[BlackTeam "SK Blauer Springer Paderborn 1926 e. V."]
[PlyCount "42"]
[WhiteFideId "16257537"]
[BlackFideId "16265696"]
[EventCountry "GER"]
[EventRounds "7"]
[EventType "team-swiss"]
[EventDate "2019.12.26"]

1. e4 e5 2. Nf3 Nf6 3. Nxe5 d6 4. Nc4 Nxe4 5. Nc3 Nf6 6. d4 d5 7. Ne5 Be7 8.
Be2 O-O 9. Nb1 Re8 10. O-O Nbd7 11. f4 c5 12. c3 Qb6 13. Qb3 cxd4 14. Qxb6 Nxb6
15. cxd4 Ne4 16. Nc3 f5 17. Be3 Be6 18. Rac1 Nxc3 19. Rxc3 Rac8 20. Rfc1 Bd6
21. Rxc8 Rxc8 1/2-1/2

[Event "DVM U16 2019"]
[Site "Magdeburg GER"]
[Date "2019.12.30"]
[Round "7"]
[White "Liebold, Aaron"]
[Black "Pikalow, Michael"]
[Result "1-0"]
[Termination "normal"]
[Board "9.1"]
[WhiteElo "2001"]
[BlackElo "1849"]
[WhiteTeam "ESV Gera"]
[BlackTeam "USC Magdeburg"]
[PlyCount "91"]
[WhiteFideId "12997846"]
[BlackFideId "16227638"]
[EventCountry "GER"]
[EventRounds "7"]
[EventType "team-swiss"]
[EventDate "2019.12.26"]

1. e4 c5 2. Ne2 Nf6 3. Nbc3 d6 4. g3 g6 5. Bg2 Bg7 6. O-O O-O 7. h3 h5 8. d4
cxd4 9. Nxd4 Nc6 10. Be3 a6 11. a4 e6 12. Nb3 Ne5 13. Nd2 d5 14. Bf4 Nc6 15.
exd5 Nxd5 16. Nxd5 exd5 17. c3 d4 18. cxd4 Qxd4 19. Qb3 Na5 20. Qa3 Bf5 21. b4
Nc6 22. Rac1 Qd7 23. Kh2 Bd3 24. Rfd1 Be2 25. Re1 Bd3 26. Nb3 Bf5 27. Rcd1 Qc8
28. Nc5 b6 29. Ne4 Bxe4 30. Bxe4 Nd4 31. Rc1 Qd8 32. Bc7 Qf6 33. Kg2 Rae8 34.
Qd3 h4 35. Rf1 Qe7 36. Bd5 Qxb4 37. Rc4 Qb2 38. Bd6 Rd8 39. Bxf8 Rxd5 40. Bxg7
Kxg7 41. Rb1 Qa2 42. Rxd4 hxg3 43. Rf1 Rg5 44. Qe3 f6 45. Rd7+ Kh6 46. h4 1-0

[Event "DVM U16 2019"]
[Site "Magdeburg GER"]
[Date "2019.12.30"]
[Round "7"]
[White "Schiffner, Robin"]
[Black "Helmsdorf, Marius"]
[Result "0-1"]
[Termination "normal"]
[Board "9.2"]
[WhiteElo "1377"]
[BlackElo "1574"]
[WhiteTeam "USC Magdeburg"]
[BlackTeam "ESV Gera"]
[PlyCount "62"]
[WhiteFideId "16210328"]
[BlackFideId "16274873"]
[EventCountry "GER"]
[EventRounds "7"]
[EventType "team-swiss"]
[EventDate "2019.12.26"]

1. e4 e6 2. d4 d5 3. exd5 exd5 4. Bd3 Bd6 5. Nf3 Nf6 6. O-O O-O 7. Bg5 Bg4 8.
Nbd2 Nbd7 9. c3 c6 10. Re1 Qc7 11. Qc2 Rae8 12. Re3 Rxe3 13. fxe3 Re8 14. Re1
Qb8 15. Nh4 Bxh2+ 16. Kh1 h6 17. Bxf6 Nxf6 18. Nhf3 Bg3 19. Re2 Re7 20. e4 dxe4
21. Nxe4 Nxe4 22. Bxe4 Qe8 23. Bd3 Rxe2 24. Bxe2 Qe6 25. Bd3 Qxa2 26. Qc1 Qe6
27. Nd2 Qe3 28. Be4 Bf4 29. Qf1 Qg3 30. Qg1 Qh4+ 31. Qh2 Qxh2# 0-1

[Event "DVM U16 2019"]
[Site "Magdeburg GER"]
[Date "2019.12.30"]
[Round "7"]
[White "Frank, Marian"]
[Black "Rabenstein, Jonathan"]
[Result "1-0"]
[Termination "normal"]
[Board "9.3"]
[WhiteElo "1286"]
[BlackElo "1382"]
[WhiteTeam "ESV Gera"]
[BlackTeam "USC Magdeburg"]
[PlyCount "89"]
[WhiteFideId "16245059"]
[BlackFideId "16298462"]
[EventCountry "GER"]
[EventRounds "7"]
[EventType "team-swiss"]
[EventDate "2019.12.26"]

1. d4 d5 2. Nf3 Nf6 3. c4 c6 4. Nc3 dxc4 5. e3 b5 6. a4 b4 7. Na2 a5 8. Bxc4
Bf5 9. O-O e6 10. b3 Bd6 11. Bb2 O-O 12. h3 Nbd7 13. Bd3 Bxd3 14. Qxd3 c5 15.
Rfd1 Be7 16. Nc1 Qc7 17. Ne2 Rfd8 18. Rac1 Rac8 19. Ng3 Nf8 20. Ne4 Ng6 21.
Nxf6+ Bxf6 22. Rc4 Qb6 23. Qc2 Qa7 24. Rc1 Rd5 25. e4 Rh5 26. e5 Bg5 27. Nxg5
Rxg5 28. Rxc5 Rf8 29. g3 h6 30. Kh2 Qb7 31. Rc6 h5 32. Rg1 Ne7 33. Rc7 Rc8 34.
Rxc8+ Qxc8 35. Qxc8+ Nxc8 36. Rc1 Ne7 37. Rc5 Rf5 38. Kg2 Kh7 39. Bc1 f6 40. g4
hxg4 41. hxg4 Rxe5 42. dxe5 fxe5 43. Rxe5 Nc6 44. Rxe6 Nd4 45. Re3 1-0

[Event "DVM U16 2019"]
[Site "Magdeburg GER"]
[Date "2019.12.30"]
[Round "7"]
[White "Dietz, Maximilian"]
[Black "Schulter, Moritz"]
[Result "0-1"]
[Termination "normal"]
[Board "9.4"]
[WhiteElo "1186"]
[BlackElo "1598"]
[WhiteTeam "USC Magdeburg"]
[BlackTeam "ESV Gera"]
[PlyCount "62"]
[WhiteFideId "16298489"]
[BlackFideId "16245067"]
[EventCountry "GER"]
[EventRounds "7"]
[EventType "team-swiss"]
[EventDate "2019.12.26"]

1. e4 e6 2. d4 d5 3. exd5 exd5 4. Bd3 Bd6 5. Nf3 Ne7 6. O-O Bf5 7. Re1 Bxd3 8.
Qxd3 c6 9. c4 dxc4 10. Qxc4 h6 11. d5 O-O 12. dxc6 Nbxc6 13. b3 Rc8 14. Bb2 Nb4
15. Qd4 f6 16. Na3 Nc2 17. Nxc2 Rxc2 18. Bc3 Qc7 19. Re3 Rc8 20. Bd2 Bc5 21.
Rxe7 Qxe7 22. Qd3 Bb6 23. h3 Qd8 24. Qe2 Kh8 25. Nh4 Qxd2 26. Ng6+ Kh7 27. Qe4
Qxf2+ 28. Kh1 Rc1+ 29. Rxc1 Rxc1+ 30. Kh2 Rh1+ 31. Kxh1 Qg1# 0-1

[Event "DVM U16 2019"]
[Site "Magdeburg GER"]
[Date "2019.12.30"]
[Round "7"]
[White "Gubariev, Jakob"]
[Black "Leitherer, Johannes"]
[Result "1-0"]
[Termination "normal"]
[Board "10.1"]
[WhiteElo "1896"]
[BlackElo "1833"]
[WhiteTeam "Schachfreunde Augsburg"]
[BlackTeam "Stuttgarter SF 1879"]
[PlyCount "71"]
[WhiteFideId "16216938"]
[BlackFideId "16261593"]
[EventCountry "GER"]
[EventRounds "7"]
[EventType "team-swiss"]
[EventDate "2019.12.26"]

1. e4 e5 2. Nf3 Nc6 3. d4 exd4 4. Bc4 Nf6 5. e5 d5 6. Bb5 Ne4 7. Nxd4 Bd7 8.
Bxc6 bxc6 9. O-O Bc5 10. f3 Ng5 11. Be3 O-O 12. f4 Ne4 13. Nd2 Nxd2 14. Qxd2 f6
15. Nb3 Bb6 16. Qc3 fxe5 17. fxe5 Qe7 18. Bc5 Rxf1+ 19. Rxf1 Re8 20. Kh1 Qe6
21. Qf3 Bxc5 22. Nxc5 Qe7 23. b4 Bc8 24. Kg1 g6 25. Re1 Rf8 26. Qe3 Rf5 27. a3
Qf8 28. Nb3 Bd7 29. e6 Bc8 30. Nd4 Rf6 31. Nxc6 Qe8 32. Qd4 Kg7 33. e7 Bf5 34.
Qe5 Qxc6 35. e8=Q Qb6+ 36. Kh1 1-0

[Event "DVM U16 2019"]
[Site "Magdeburg GER"]
[Date "2019.12.30"]
[Round "7"]
[White "Alkabetz, Michael"]
[Black "Brückner, Alexander"]
[Result "0-1"]
[Termination "normal"]
[Board "10.2"]
[WhiteElo "1644"]
[BlackElo "1876"]
[WhiteTeam "Stuttgarter SF 1879"]
[BlackTeam "Schachfreunde Augsburg"]
[PlyCount "56"]
[WhiteFideId "16261577"]
[BlackFideId "12952613"]
[EventCountry "GER"]
[EventRounds "7"]
[EventType "team-swiss"]
[EventDate "2019.12.26"]

1. e4 c5 2. Nf3 e6 3. c3 Nf6 4. Bd3 Nc6 5. Bc2 Qc7 6. O-O d5 7. exd5 Nxd5 8. d4
cxd4 9. Nxd4 a6 10. Nxc6 bxc6 11. c4 Nf6 12. Bg5 Bd6 13. h3 Rb8 14. Bxf6 gxf6
15. Bb3 c5 16. Ba4+ Ke7 17. Qc2 Bb7 18. Nc3 Rbg8 19. f3 Rg6 20. Rae1 Kf8 21.
Qd1 Rhg8 22. Re2 f5 23. Rd2 Be5 24. Rd8+ Kg7 25. Rxg8+ Kxg8 26. Qd7 Bd4+ 27.
Kh1 Qg3 28. Qd8+ Kg7 0-1

[Event "DVM U16 2019"]
[Site "Magdeburg GER"]
[Date "2019.12.30"]
[Round "7"]
[White "Vuckovic, Katarina"]
[Black "Bantchev, Malte"]
[Result "1-0"]
[Termination "normal"]
[Board "10.3"]
[WhiteElo "1309"]
[BlackElo "1480"]
[WhiteTeam "Schachfreunde Augsburg"]
[BlackTeam "Stuttgarter SF 1879"]
[PlyCount "65"]
[WhiteFideId "16232615"]
[BlackFideId "16288882"]
[EventCountry "GER"]
[EventRounds "7"]
[EventType "team-swiss"]
[EventDate "2019.12.26"]

1. e4 c5 2. Nc3 Nc6 3. d3 d6 4. g3 g6 5. Be3 Bg7 6. Qd2 a6 7. Bg2 e6 8. f4 Nge7
9. Nf3 Nd4 10. Nd1 Nxf3+ 11. Bxf3 Qc7 12. O-O Nc6 13. c3 b6 14. Rc1 O-O 15. Qg2
e5 16. f5 Bd7 17. g4 b5 18. h4 b4 19. h5 gxh5 20. gxh5 Kh8 21. Bg5 Rg8 22. Bg4
f6 23. Bd2 bxc3 24. bxc3 Qa5 25. h6 Bf8 26. Rf3 Be8 27. Rg3 Be7 28. Kh2 Qxa2
29. Ne3 Bf7 30. Rg1 Rab8 31. c4 Rb2 32. Nf1 Nd4 33. Bh5 1-0

[Event "DVM U16 2019"]
[Site "Magdeburg GER"]
[Date "2019.12.30"]
[Round "7"]
[White "Zhang, Guo Hong"]
[Black "Hamkar, Behzad"]
[Result "0-1"]
[Termination "normal"]
[Board "10.4"]
[WhiteElo "1217"]
[BlackElo "1223"]
[WhiteTeam "Stuttgarter SF 1879"]
[BlackTeam "Schachfreunde Augsburg"]
[PlyCount "92"]
[WhiteFideId "16288890"]
[BlackFideId "16255631"]
[EventCountry "GER"]
[EventRounds "7"]
[EventType "team-swiss"]
[EventDate "2019.12.26"]

1. d4 e6 2. c4 d5 3. Nf3 Nf6 4. Bg5 Nbd7 5. Nc3 c6 6. e3 Qa5 7. c5 Ne4 8. Qc2
b6 9. a3 bxc5 10. dxc5 Nxc3 11. b4 Qa4 12. Qxc3 a5 13. Rb1 axb4 14. axb4 Qa2
15. Bd3 Ra3 16. Qc2 g6 17. Qxa2 Rxa2 18. O-O Bg7 19. Bf4 e5 20. b5 exf4 21.
bxc6 Ne5 22. Nxe5 Bxe5 23. exf4 Bxf4 24. Rfe1+ Kf8 25. Red1 Rd2 26. Rxd2 Bxd2
27. Rb8 Kg7 28. c7 Bf4 29. Ra8 Bxc7 30. c6 Be6 31. Ra7 Bd6 32. Ba6 Bc8 33. Bb7
Re8 34. f3 Bc5+ 35. Kf1 Bxa7 36. Bxc8 Rxc8 37. g3 Rxc6 38. Kg2 Re6 39. h4 d4
40. Kh3 d3 41. Kg4 d2 42. Kh3 d1=Q 43. Kg2 Re2+ 44. Kh3 Qh1+ 45. Kg4 h5+ 46.
Kf4 Bb8+ 0-1